[Event "ROM-ch U14"]
[Site "Calimanesti Caciulata"]
[Date "2019.04.22"]
[Round "9"]
[White "Bantescu, Dan"]
[Black "Nedelcu, Teodor Cosmin"]
[Result "1-0"]
[WhiteElo "1872"]
[BlackElo "1928"]
[PlyCount "129"]
[EventDate "2019.04.15"]
[EventType "swiss"]
[EventRounds "9"]
[EventCountry "ROU"]
[SourceTitle "EXT 2020"]
[Source "ChessBase"]
[SourceDate "2019.10.17"]
[SourceVersion "1"]
[SourceVersionDate "2019.10.17"]
[SourceQuality "1"]

1. d4 Nf6 2. Nf3 d5 3. g3 b5 4. Bg2 e6 5. 0-0 Bd6 6. a4 b4 7. c4 bxc3 8. Nxc3 c6 9. Bg5 Nbd7 10. e4 h6 11. Bxf6 gxf6 12. exd5 cxd5 13. Re1 Be7 14. Nh4 Nb6 15. Qh5 a5 16. Rac1 Bd7 17. Nb5 Bxb5 18. axb5 Kf8 19. Rc6 Rh7 20. Rec1 Rb8 21. Bf1 Nc8 22. Bd3 Rh8 23. Nf3 Bd6 24. Nd2 Na7 25. R6c2 Qb6 26. Nb3 Ke7 27. Qh3 Nxb5 28. Rc6 Qa7 29. Qf1 Nxd4 30. Ra6 Nf3+ 31. Kg2 Qd7 32. Nxa5 Ne5 33. Nc6+ Nxc6 34. Rcxc6 Be5 35. Qc1 Kf8 36. b4 Kg7 37. b5 Rhc8 38. f4 Bd4 39. Qd1 Rxc6 40. Qg4+ Kf8 41. Rxc6 Qa7 42. Qd1 Qa2+ 43. Kh3 Qb2 44. Rc2 Qb4 45. Qc1 Qb3 46. Qd1 Qa3 47. Rc7 Qd6 48. Qc1 Kg7 49. Rc6 Qd7 50. Rc7 Qd8 51. Rc6 Rb6 52. Rc8 Qd7 53. Qc2 e5+ 54. Bf5 Re6 55. Rc7 Qe8 56. Bxe6 Qxe6+ 57. f5 Qe8 58. Qc6 Qxc6 59. bxc6 Kf8 60. Rd7 Ke8 61. Rxd5 Bb6 62. Kg2 e4 63. Kf1 Ke7 64. Ke2 Bg1 65. c7 1-0

[Event "ROM-ch U14"]
[Site "Calimanesti Caciulata"]
[Date "2019.04.19"]
[Round "6"]
[White "Bantescu, Dan"]
[Black "Mihalcescu, Alexandru"]
[Result "1/2-1/2"]
[WhiteElo "1872"]
[BlackElo "1740"]
[PlyCount "200"]
[EventDate "2019.04.15"]
[EventType "swiss"]
[EventRounds "9"]
[EventCountry "ROU"]
[SourceTitle "CBM 190 Extra"]
[Source "ChessBase"]
[SourceDate "2019.07.15"]
[SourceVersion "1"]
[SourceVersionDate "2019.07.15"]
[SourceQuality "1"]

1. d4 e6 2. Nf3 b6 3. g3 Bb7 4. Bg2 f5 5. 0-0 Nf6 6. c4 Be7 7. Nc3 0-0 8. Qc2 Qe8 9. b3 Qh5 10. h3 Nc6 11. Bb2 g5 12. Qd2 g4 13. Nh2 gxh3 14. Bf3 Ng4 15. e4 Rf6 16. exf5 exf5 17. Nd5 Rf7 18. Qe2 Bd6 19. Bxg4 fxg4 20. Qxg4+ Qxg4 21. Nxg4 Kg7 22. Nde3 Kg6 23. d5 Ne7 24. Be5 Raf8 25. Bxd6 cxd6 26. Nh2 b5 27. f4 Nf5 28. Nxf5 Rxf5 29. Nf3 R5f6 30. Rfe1 bxc4 31. bxc4 Ba6 32. c5 Bb7 33. cxd6 Rxd6 34. Ne5+ Kg7 35. Rab1 Bxd5 36. Rbd1 Rff6 37. Ng4 Rfe6 38. Ne3 Be4 39. Kh2 Rxd1 40. Rxd1 Bc6 41. Nc4 Re2+ 42. Kxh3 Rxa2 43. Ne5 Bg2+ 44. Kg4 d5 45. Rc1 Be4 46. Rc7+ Kf6 47. Rc6+ Ke7 48. Rc7+ Kd6 49. Rc6+ Ke7 50. Rc7+ Kd6 51. Rc6+ Ke7 52. Rc7+ Kd8 53. Rg7 Ra6 54. Rf7 Ke8 55. Rc7 d4 56. Rc8+ Ke7 57. Rc7+ Kd6 58. Rd7+ Kc5 59. Rc7+ Kd5 60. Rd7+ Kc5 61. Rc7+ Kd5 62. Rd7+ Kc5 63. Rc7+ Kb5 64. Rd7 Ra4 65. f5 d3 66. Kg5 h6+ 67. Kxh6 Bxf5 68. Rd5+ Kb6 69. Nxd3 Bxd3 70. Rxd3 a5 71. Kh5 Ra1 72. g4 a4 73. g5 a3 74. Kg6 a2 75. Ra3 Kb5 76. Ra8 Kb4 77. Rb8+ Kc3 78. Ra8 Kd4 79. Ra7 Kc5 80. Ra8 Kd6 81. Ra6+ Kc7 82. Ra7+ Kb6 83. Ra8 Kb5 84. Ra7 Kb4 85. Ra8 Kb3 86. Rb8+ Kc3 87. Ra8 Kc4 88. Ra7 Kb3 89. Rb7+ Kc3 90. Ra7 Kc4 91. Ra8 Kc5 92. Ra7 Kb6 93. Ra8 Kc6 94. Ra7 Kd6 95. Ra8 Kc7 96. Ra7+ Kc6 97. Ra8 Kb6 98. Ra3 Kb5 99. Ra8 Kc4 100. Ra7 Kc5 1/2-1/2

[Event "ROM-ch U10"]
[Site "Calimanesti Caciulata"]
[Date "2016.04.22"]
[Round "6"]
[White "Sida, Flavius Ovidiu"]
[Black "Bantescu, Dan"]
[Result "0-1"]
[WhiteElo "1277"]
[BlackElo "1001"]
[PlyCount "79"]
[EventDate "2016.04.18"]
[EventType "swiss"]
[EventRounds "9"]
[EventCountry "ROU"]
[SourceTitle "CBM 172 Extra"]
[Source "ChessBase"]
[SourceDate "2016.06.21"]
[SourceVersion "1"]
[SourceVersionDate "2016.06.21"]
[SourceQuality "1"]

1. d4 c6 2. c4 d5 3. Nc3 Nf6 4. Nf3 Bg4 5. Bf4 Nbd7 6. e3 e6 7. h3 Bh5 8. Rc1 Bb4 9. a3 Be7 10. Be2 0-0 11. 0-0 Rc8 12. Qb3 b6 13. Rfd1 dxc4 14. Bxc4 Bxf3 15. gxf3 Nh5 16. Bh2 Bh4 17. f4 Qf6 18. Qc2 Kh8 19. Ba2 g5 20. Bb1 Qh6 21. Ne2 gxf4 22. Bxf4 Nxf4 23. exf4 Rg8+ 24. Kf1 Qg7 25. Ke1 f5 26. Qd3 Qg2 27. Qe3 Qh1+ 28. Kd2 Qd5 29. Nc3 Qd6 30. Re1 Rg2 31. Re2 a6 32. Rf1 c5 33. Qxe6 Qxd4+ 34. Bd3 c4 35. Qe3 Qxd3+ 36. Qxd3 cxd3 37. Kxd3 a5 38. Kd2 Rd8 39. Kc2 Rh2 40. b4 0-1

[Event "ROM-ch U10"]
[Site "Calimanesti Caciulata"]
[Date "2016.04.19"]
[Round "2"]
[White "Bantescu, Dan"]
[Black "Dorobantu, Fanurie Florin"]
[Result "1-0"]
[WhiteElo "1001"]
[BlackElo "1242"]
[PlyCount "71"]
[EventDate "2016.04.18"]
[EventType "swiss"]
[EventRounds "9"]
[EventCountry "ROU"]
[SourceTitle "CBM 172 Extra"]
[Source "ChessBase"]
[SourceDate "2016.06.21"]
[SourceVersion "1"]
[SourceVersionDate "2016.06.21"]
[SourceQuality "1"]

1. e4 e5 2. Nf3 Nc6 3. Bc4 Nf6 4. Nc3 d6 5. d3 Bg4 6. Bg5 Be7 7. Qe2 Nd4 8. Qd1 Nd7 9. Bxe7 Qxe7 10. Nd5 Qd8 11. c3 Nxf3+ 12. gxf3 Bh5 13. Rg1 c6 14. Ne3 g6 15. Qe2 Qf6 16. Rg3 Qh4 17. h3 Rf8 18. 0-0-0 f5 19. exf5 gxf5 20. Ng2 Qf6 21. Nf4 0-0-0 22. Nxh5 Qh6+ 23. Kb1 Qxh5 24. Be6 Rfe8 25. Bxd7+ Rxd7 26. Rh1 e4 27. Rhg1 Rdd8 28. Qe3 Rf8 29. Qxa7 exd3 30. Rg5 Qxf3 31. Qa8+ Kc7 32. Rg7+ Rd7 33. Rxd7+ Kxd7 34. Qxf8 Qxf2 35. Qf7+ Kc8 36. Rg8# 1-0